Normal view
MARC view
- Perry, john/Chan ghee koh
Entry Personal Name
001 - CONTROL NUMBER
- control field: 4745
003 - CONTROL NUMBER IDENTIFIER
- control field: JO-AjAnu
005 - DATE AND TIME OF LATEST TRANSACTION
- control field: 20230606071056.0
008 - FIXED-LENGTH DATA ELEMENTS
- fixed length control field: 230606|| aca||aabn | a|a d
040 ## - CATALOGING SOURCE
- Original cataloging agency: JO-AjAnu
- Transcribing agency: JO-AjAnu
100 ## - HEADING--PERSONAL NAME
- Personal name: Perry, john/Chan ghee koh
670 ## - SOURCE DATA FOUND
- Source citation: Work cat.: (JO-AjAnu)2456: Perry, john/Chan ghee koh, author, Structural identification and damage detection using genetic algorithms